Supernatural - Hunter's Surnames - Statistics

General Stats
  • This quiz has been taken 616 times
  • The average score is 12 of 16
Answer Stats
Hint Answer % Correct
Sam Winchester
100%
Dean Winchester
100%
John Winchester
100%
Mary Winchester
100%
Bobby Singer
95%
Sheriff Jody Mills
82%
Samuel Campbell
75%
Gwen Campbell
75%
Christian Campbell
75%
Ellen Harvelle
75%
Jo Harvelle
75%
Samuel Colt
73%
Charlie Bradbury
70%
Rufus Turner
50%
Gordon Walker
46%
Garth Fitzgerald IV
29%
No matching quizzes found
Score Distribution
Percent of People with Each Score
Percentile by Number Answered
Your Score History
You have not taken this quiz